El té de tornillo del profesor Zíper /
Guardado en:
| Autor principal: | |
|---|---|
| Otros autores: | |
| Formato: | Libro |
| Idioma: | Español |
| Publicado: |
México :
Fondo de Cultura Económica,
2017, c2017
|
| Colección: | (A la Orilla del Viento ; Para Los que Leen Bien)
230. |
| Temas: | |
| Etiquetas: |
Sin etiquetas, Sé el primero en etiquetar este registro!
|
MARC
| LEADER | 00000nam^a2200000^a^4500 | ||
|---|---|---|---|
| 001 | 000410350 | ||
| 005 | 20250521000000.0 | ||
| 009 | 20260310122045.408 | ||
| 020 | |a 978-607-16-4797-9 | ||
| 037 | |a Acervo ITESO - Biblioteca | ||
| 041 | |a ESP | ||
| 082 | |a 808. 899282 |b VIL | ||
| 100 | |a Villoro, Juan |e (autor) | ||
| 240 | 1 | 4 | |a [El profesor Zíper] |
| 245 | 1 | 3 | |a El té de tornillo del profesor Zíper / |c J. Villoro ; il. de El Fisgón. |
| 264 | 4 | |a México : |b Fondo de Cultura Económica, |c 2017, c2017 | |
| 300 | |a 175 p. | ||
| 336 | |a texto |b txt |2 rdacontenido | ||
| 337 | |a sin mediación |b n |2 rdamedio | ||
| 338 | |a volumen |b nc |2 rdasoporte | ||
| 440 | 1 | |a (A la Orilla del Viento ; |v 230. |p Para Los que Leen Bien) | |
| 521 | |a FIL 2018 DIA | ||
| 545 | 0 | |a Nacido en la Ciudad de México en 1956, Juan Villoro dirigió de 1995 a 1998 el suplemento La Jornada Semanal; ha colaborado en numerosas publicaciones culturales e incursionado en géneros muy diversos como la traducción, el cuento, la crónica, la novela y la literatura para niños. Es considerado un renovador de la narrativa contemporánea. Ha obtenido reconocimientos como el Premio Xavier Villaurrutia 1999 y el Premio Anagrama de Novela 2004. Algunos de sus títulos son: El mariscal de campo (1978); La noche navegable (1980); Albercas (1985); Tiempo transcurrido (1986); El disparo de argón (1991); La alcoba dormida (1992); Los once de la tribu (1995); Materia dispuesta (1996); La casa pierde (1998); y Efectos personales (2000), entre otros. | |
| 545 | 0 | |a El Fisgón (Ciudad de México, 1956) es un popular caricaturista político y artista plástico mexicano cuyo activismo político de izquierda ha marcado su trayectoria como historietista; como tal, ha denunciado los errores y los malos manejos de la administración pública y la política mexicana, con un mensaje de defensa de la democracia y de la justicia social, a través de las páginas de La Jornada y la revista El Chamuco y los hijos del averno (de la que es fundador), principalmente, así como en libros gráficos sobre temas de relevancia social. Maneja diversos estilos gráficos caracterizados por un trazo fino y limpio, acompañados por textos sustentados en una amplia documentación. Entre otros, ha sido galardonado con los premios Manuel Buendía de Periodismo Joven, del Club de Periodistas, Nacional de Periodismo de México y la Catrina, de la Feria Internacional de Libro de Guadalajara. Es fundador de la revista El Chauistle, así como de los suplementos culturales Más o menos, del periódico Unomasuno e Histerietas, de La Jornada. Es autor, entre otros, de los libros de historietas El sexenio me da risa: la historieta no oficial; Hacia un despiporre global de excelencia y calidad; Felipe de Jesús el pequeño; ¡Me lleva el TLC!: el Tratado retratado; La canallada del desafuero para principiantes; Cómo la hacen de Pemex; Narcotráfico para inocentes: el narco en México y quién lo U.S.A.; La democracia me da Peña, así como de la colección de cuentos e historietas Dulce venganza. Ha ilustrado numerosos libros infantiles. Estudioso de la historia del arte y la caricatura mexicana e internacional, ha publicado el libro Posada: mito y mitote: la caricatura política de José Guadalupe Posada y Manuel Alfonso Manilla y, con motivo del centenario del fallecimiento del primero, realizó en 2013 el mural itinerante La pesadilla de Posada. | |
| 649 | |a XX | ||
| 650 | |a Novela Mexicana | ||
| 650 | |a Literatura Mexicana - |y Siglo XXI | ||
| 650 | |a Literatura Infantil - |z México | ||
| 650 | |a Literatura Juvenil - |z México | ||
| 700 | |a El Fisgón |e (ilustración) | ||
| 910 | |a Fondo General | ||
| 920 | |a Impresos - Libros | ||
| 930 | |a Colección General | ||
| 940 | |a Literatura | ||
| 905 | |a 101 | ||
| 901 | |a 0500312264 |b IT1 |c LIT |i C163571 |u 20250521 | ||
| 902 | |a https://opac.biblio.iteso.mx/vufind/Record/000410350 | ||